[Event "Niedersachsen-ch op"]
[Site "Verden"]
[Date "2011.01.02"]
[Round "1"]
[White "Steingraeber, Kai Uwe"]
[Black "Knobel, Hannah Bettina"]
[Result "1-0"]
[WhiteElo "2095"]
[BlackElo "1592"]
[PlyCount "33"]
[EventDate "2011.01.02"]
[EventType "swiss"]
[EventRounds "7"]
[EventCountry "GER"]
[SourceTitle "EXT 2018"]
[Source "ChessBase"]
[SourceDate "2017.10.13"]
[SourceVersion "1"]
[SourceVersionDate "2017.10.13"]
[SourceQuality "1"]

1. e4 e5 2. Nf3 Nf6 3. d4 Nxe4 4. Nxe5 d5 5. Bd3 Nf6 6. 0-0 Bd6 7. Bg5 Be6 8. Re1 0-0 9. Qf3 c6 10. Nd2 Nbd7 11. Nf1 Qc7 12. Nxd7 Nxd7 13. Qh5 h6 14. Bxh6 Nf6 15. Qg5 Ne8 16. Qh4 Qd7 17. Bxg7 1-0

[Event "Niedersachsen-ch open"]
[Site "Verden"]
[Date "2010.01.03"]
[Round "1.67"]
[White "Knobel, Hannah Bettina"]
[Black "Genath, Maren"]
[Result "1-0"]
[WhiteElo "1482"]
[BlackElo "1084"]
[PlyCount "59"]
[EventDate "2010.01.03"]
[EventType "swiss"]
[EventRounds "7"]
[EventCountry "GER"]
[SourceTitle "EXT 2012"]
[Source "ChessBase"]
[SourceDate "2011.11.24"]
[SourceVersion "1"]
[SourceVersionDate "2011.11.24"]
[SourceQuality "1"]

1. d4 d5 2. Nf3 Nf6 3. c4 Nc6 4. Bg5 e6 5. Nc3 Be7 6. e3 Qd6 7. cxd5 Nxd5 8. Nxd5 Bxg5 9. Nxg5 Qxd5 10. Nf3 Qa5+ 11. Nd2 e5 12. dxe5 Nxe5 13. Be2 0-0 14. Qc2 Rd8 15. a3 Be6 16. Rd1 Rd7 17. 0-0 Rad8 18. Nf3 Bg4 19. Nxe5 Bxe2 20. Nxd7 Bxf1 21. Nf6+ gxf6 22. Rxd8+ Kg7 23. Kxf1 c6 24. Qd2 Qe5 25. Qe2 f5 26. Qd2 Qb5+ 27. Ke1 Qb3 28. Qd4+ f6 29. Rd6 Qf7 30. Rd7 1-0

[Event "Niedersachsen-ch U16/18 Girls"]
[Site "Rotenburg"]
[Date "2008.03.21"]
[Round "7"]
[White "Elborg, Cornelia"]
[Black "Knobel, Hannah Bettina"]
[Result "0-1"]
[WhiteElo "1484"]
[BlackElo "1268"]
[PlyCount "68"]
[EventDate "2008.03.15"]
[EventType "swiss"]
[EventRounds "7"]
[EventCountry "GER"]
[SourceTitle "EXT 2009"]
[Source "ChessBase"]
[SourceDate "2008.11.26"]
[SourceVersion "1"]
[SourceVersionDate "2008.11.26"]
[SourceQuality "1"]

1. e4 e5 2. Bc4 Nf6 3. d3 Bc5 4. Bb3 Nc6 5. Nf3 d6 6. 0-0 Bg4 7. h3 Bh5 8. Re1 Nd4 9. Nbd2 Qe7 10. c3 Nxf3+ 11. Nxf3 0-0 12. Bg5 Bb6 13. a3 c6 14. Ba2 a5 15. d4 exd4 16. cxd4 Bxf3 17. gxf3 h6 18. Bh4 g5 19. e5 gxh4 20. exf6 Qxf6 21. Re4 h5 22. Qe2 d5 23. Re3 Bxd4 24. Re7 Rab8 25. Kh1 Bxf2 26. Bb1 Bg3 27. Qd3 Qg7 28. Bc2 Rfe8 29. Rxe8+ Rxe8 30. Qf5 Re2 31. Qc8+ Qf8 32. Bh7+ Kg7 33. Qf5 Rh2+ 34. Kg1 Qc5+ 0-1

[Event "Niedersachsen-ch"]
[Site "Verden"]
[Date "2008.01.03"]
[Round "1"]
[White "Knobel, Hannah Bettina"]
[Black "Schmaecke, Thomas"]
[Result "0-1"]
[WhiteElo "1218"]
[BlackElo "1764"]
[PlyCount "52"]
[EventDate "2008.01.03"]
[EventType "swiss"]
[EventRounds "7"]
[EventCountry "GER"]
[SourceTitle "EXT 2010"]
[Source "ChessBase"]
[SourceDate "2010.11.25"]
[SourceVersion "1"]
[SourceVersionDate "2010.11.25"]
[SourceQuality "1"]

1. d4 d5 2. Nf3 Nf6 3. c4 dxc4 4. Nc3 c6 5. a4 Bf5 6. Bg5 Nd5 7. e3 Nxc3 8. bxc3 Qd5 9. Nd2 b5 10. f3 Bg6 11. Bf4 e6 12. axb5 cxb5 13. Bxb8 Rxb8 14. Rxa7 Bd6 15. Ra6 Bc7 16. e4 Qb7 17. Ra1 0-0 18. Rb1 Qc6 19. Be2 f5 20. exf5 Rxf5 21. 0-0 Rh5 22. Ra1 Bxh2+ 23. Kf2 Qd6 24. Rh1 Bg3+ 25. Kg1 Rxh1+ 26. Kxh1 Qf4 0-1

[Event "Niedersachsen-ch"]
[Site "Verden"]
[Date "2008.01.03"]
[Round "2"]
[White "Steinhoff, Juergen"]
[Black "Knobel, Hannah Bettina"]
[Result "1-0"]
[WhiteElo "1619"]
[BlackElo "1218"]
[PlyCount "49"]
[EventDate "2008.01.03"]
[EventType "swiss"]
[EventRounds "7"]
[EventCountry "GER"]
[SourceTitle "EXT 2010"]
[Source "ChessBase"]
[SourceDate "2010.11.25"]
[SourceVersion "1"]
[SourceVersionDate "2010.11.25"]
[SourceQuality "1"]

1. e4 e5 2. Nf3 Nc6 3. d4 exd4 4. Nxd4 Bc5 5. Be3 Qf6 6. c3 Nge7 7. Be2 d6 8. 0-0 Nxd4 9. cxd4 Bb6 10. Nc3 0-0 11. f4 Nc6 12. Nd5 Qd8 13. Bf3 Ne7 14. Nxb6 axb6 15. f5 f6 16. g4 Re8 17. g5 fxg5 18. Bxg5 Qd7 19. f6 gxf6 20. Bxf6 Rf8 21. Bh5 Nc6 22. Kh1 Rxf6 23. Rxf6 Qe7 24. Qg1+ Qg7 25. Raf1 1-0

[Event "Niedersachsen-ch U12/14 Girls"]
[Site "Rotenburg/Wuemme"]
[Date "2006.04.13"]
[Round "7"]
[White "Schmidt, Jennifer"]
[Black "Knobel, Hannah Bettina"]
[Result "1/2-1/2"]
[WhiteElo "858"]
[BlackElo "904"]
[PlyCount "100"]
[EventDate "2006.04.08"]
[EventType "swiss"]
[EventRounds "9"]
[EventCountry "GER"]
[SourceTitle "EXT 2007"]
[Source "ChessBase"]
[SourceDate "2006.11.23"]
[SourceVersion "1"]
[SourceVersionDate "2006.11.23"]
[SourceQuality "1"]

1. f4 d5 2. Nf3 Nc6 3. b3 Bf5 4. Bb2 Nf6 5. e3 e6 6. Bb5 a6 7. Bxc6+ bxc6 8. d3 Be7 9. Nbd2 Bg6 10. 0-0 0-0 11. Ne5 c5 12. Qe1 Bd6 13. Rf3 Bf5 14. Qh4 Nd7 15. Qg3 Bxe5 16. Bxe5 f6 17. Bb2 Qe8 18. e4 Bg6 19. Re1 Qf7 20. exd5 exd5 21. Qh4 Bf5 22. g4 Bxg4 23. Qxg4 Qg6 24. Qxg6 hxg6 25. f5 gxf5 26. Rxf5 Rf7 27. Rxd5 Rb8 28. d4 cxd4 29. Bxd4 Rb5 30. Rxb5 axb5 31. a4 bxa4 32. bxa4 c5 33. Bf2 Rf8 34. a5 Ra8 35. Nc4 Kf7 36. Nd6+ Kg6 37. Re7 Ne5 38. Nb7 Nc6 39. Rc7 Nxa5 40. Bxc5 Nxb7 41. Rxb7 Ra1+ 42. Kg2 Ra2 43. Bf8 Rxc2+ 44. Kg3 Rc3+ 45. Kg2 Rc2+ 46. Kg3 Rc3+ 47. Kf2 Rc2+ 48. Kg3 Rc3+ 49. Kg2 Rc2+ 50. Kg3 Rc3+ 1/2-1/2

[Event "Niedersachsen-ch U12/14 Girls"]
[Site "Rotenburg/Wuemme"]
[Date "2006.04.10"]
[Round "4"]
[White "Knobel, Hannah Bettina"]
[Black "Dormann, Larissa"]
[Result "1/2-1/2"]
[WhiteElo "904"]
[BlackElo "793"]
[PlyCount "31"]
[EventDate "2006.04.08"]
[EventType "swiss"]
[EventRounds "9"]
[EventCountry "GER"]
[SourceTitle "EXT 2007"]
[Source "ChessBase"]
[SourceDate "2006.11.23"]
[SourceVersion "1"]
[SourceVersionDate "2006.11.23"]
[SourceQuality "1"]

1. e4 e6 2. d4 d5 3. exd5 exd5 4. Bf4 Nf6 5. Nc3 Bb4 6. Qd3 Nc6 7. Nf3 Be6 8. Be2 Qd7 9. 0-0 0-0-0 10. a3 Bd6 11. Be5 h6 12. b4 Ng4 13. Bxd6 Qxd6 14. h3 Nf6 15. Qe3 g5 16. Ne5 1/2-1/2

[Event "Niedersachsen-ch U12 Girls"]
[Site "Rotenburg/Wuemme"]
[Date "2005.03.20"]
[Round "3"]
[White "Beilmann, Maria"]
[Black "Knobel, Hannah Bettina"]
[Result "1-0"]
[WhiteElo "813"]
[BlackElo "737"]
[PlyCount "45"]
[EventDate "2005.03.19"]
[EventType "swiss"]
[EventRounds "9"]
[EventCountry "GER"]
[SourceTitle "EXT 2007"]
[Source "ChessBase"]
[SourceDate "2006.11.23"]
[SourceVersion "1"]
[SourceVersionDate "2006.11.23"]
[SourceQuality "1"]

1. e4 e5 2. Nc3 Nf6 3. Bc4 Bb4 4. Nf3 Nc6 5. d3 0-0 6. Bg5 d6 7. 0-0 Bg4 8. Qd2 Bxf3 9. gxf3 Na5 10. Bd5 c6 11. Bb3 h6 12. Bh4 Nxb3 13. axb3 d5 14. Qc1 Bxc3 15. bxc3 Qe7 16. Kh1 g5 17. Bxg5 hxg5 18. Qxg5+ Kh7 19. Qh4+ Kg7 20. Rg1+ Ng4 21. Rxg4+ Qg5 22. Qxg5+ Kh7 23. Qh5# 1-0

[Event "Niedersachsen-ch U12 Girls"]
[Site "Rotenburg/Wuemme"]
[Date "2005.03.19"]
[Round "1"]
[White "Warmer, Marina"]
[Black "Knobel, Hannah Bettina"]
[Result "0-1"]
[WhiteElo "830"]
[BlackElo "737"]
[PlyCount "76"]
[EventDate "2005.03.19"]
[EventType "swiss"]
[EventRounds "9"]
[EventCountry "GER"]
[SourceTitle "EXT 2007"]
[Source "ChessBase"]
[SourceDate "2006.11.23"]
[SourceVersion "1"]
[SourceVersionDate "2006.11.23"]
[SourceQuality "1"]

1. e4 e5 2. Nf3 Nc6 3. Bc4 Nf6 4. Nc3 Bb4 5. Qe2 0-0 6. a3 Bxc3 7. dxc3 d6 8. h3 Be6 9. b3 Na5 10. Bb5 a6 11. Bc4 Nxc4 12. bxc4 c5 13. Bg5 h6 14. Bh4 Qa5 15. Qd3 Nd7 16. Be7 Rfc8 17. Bxd6 Re8 18. Nxe5 Nxe5 19. Bxe5 Rad8 20. Qg3 g6 21. Bc7 Qa4 22. Bxd8 Rxd8 23. Qc7 Rc8 24. Qxb7 Qa5 25. Qb3 Rc6 26. Qb8+ Kg7 27. Qe5+ f6 28. Qg3 Bxc4 29. e5 Re6 30. f4 g5 31. h4 Kg6 32. hxg5 hxg5 33. fxg5 Rxe5+ 34. Kd2 Qd8+ 35. Kc1 Qb8 36. gxf6+ Kxf6 37. Kd2 Re2+ 38. Kc1 Qxg3 0-1